Statystyki dla Największe prowincje Angoli pod względem liczby ludności

Kliknij tutaj aby rozwiązać quiz!

Ogólne statystyki

  • Ten quiz został rozwiązany 3 razy
  • Średni wynik to 2 z 18

Statystyki odpowiedzi

PopulacjaProwincja% Poprawnych
7,35 mlnLuanda
67%
375 tys.Bengo
33%
2,52 mlnBenguela
33%
1,60 mlnBié
33%
2,37 mlnHuambo
33%
672 tys.Zaire
33%
752 tys.Cabinda
0%
1,11 mlnCunene
0%
2,72 mlnHuíla
0%
583 tys.Kuando Kubango
0%
482 tys.Kwanza-Norte
0%
2,06 mlnKwanza-Sul
0%
913 tys.Lunda-Norte
0%
603 tys.Lunda-Sul
0%
1,05 mlnMalanje
0%
812 tys.Moxico
0%
546 tys.Namibe
0%
1,68 mlnUíge
0%

Rozkład punktacji

Percentyl według liczby udzielonych odpowiedzi

Procent ludzi z każdym wynikiem

Twoja historia wyników

Nie rozwiązałeś tego quizu